Ekonomika investičných projektov príklady na cvičenia

Podrobná bibliografia
Hlavný autor: Ladvenicová, Jana, 1980- (Autor)
Médium: Kniha
Jazyk:slovenčina
Fyzický popis:86 s. tab. 29 cm
Vydavateľské údaje: Nitra Slovenská poľnohospodárska univerzita 2012
ISBN:9788055208220
Vydanie:1. vyd.
Predmet:

MARC

LEADER 00000cam a2200000 a 4500
001 vtls010454214
003 SK-MaSNL
005 20260301225245.0
008 151112s2012 xo l e p 000 0 slo
015 |a SNBA2013 
020 |a 9788055208220  |q (brož.) 
035 |a 3A3EEBF3-00EB-495E-AC1D-F52160431AFB 
035 |a urn:nbn:sk:snk-amjy8t 
035 |a urn:nbn:sk:snk-am008003 
040 |a SNK  |b slo  |c SNK  |e AACR2 
041 0 |a slo 
044 |a xo  |c SK 
072 7 |a 33  |x Ekonómia  |2 konspekt 
072 7 |a 005  |x Manažment. Riadenie  |2 konspekt 
080 |a 330.322  |2 2001 
080 |a 005.8  |2 2001 
080 |a 33  |2 2001 
080 |a (075.8)  |2 2001 
080 |a (076.5)  |2 2001 
100 1 |a Ladvenicová, Jana,  |d 1980-  |4 aut  |9 189037 
245 1 0 |a Ekonomika investičných projektov  |b príklady na cvičenia  |c Jana Miklovičová 
250 |a 1. vyd. 
260 |a Nitra  |b Slovenská poľnohospodárska univerzita  |c 2012 
300 |a 86 s.  |b tab.  |c 29 cm 
366 |e 380 výt. 
504 |a Bibliogr. s. 85. Zoz. použ. skrat. 
650 0 7 |a investície  |2 SNKPH  |9 2292 
650 0 7 |a projektový manažment  |2 SNKPH  |9 937 
650 0 7 |a ekonomika  |2 SNKPH  |9 789 
650 0 7 |a Investments  |2 SNKPHeng  |9 267272 
650 0 7 |a Project management  |2 SNKPHeng  |9 313543 
650 0 7 |a Economics  |2 SNKPHeng  |9 265310 
655 7 |a učebnice vysokých škôl  |2 SNKPH  |9 70191 
655 7 |a Textbooks (higher)  |2 SNKHeng  |9 276436 
655 7 |a praktické cvičenia  |2 SNKPH  |9 70517 
655 7 |a Problems, exercises, etc.  |2 SNKPHeng  |9 278342 
919 |a 978-80-552-0822-0 
958 |a NB 
999 |c 950228  |d 952158 
952 |a SNK  |b SNK  |y PREZ  |7 0  |p 17A1050448  |o snkSB 83567  |i snk2012/19129  |8 0  |0 0  |1 0  |4 0  |d 2012-09-27  |f 1  |l 0  |r 2025-05-06 00:00:00  |w 2026-02-24 
952 |a SNK  |b SNK  |y VYP  |7 0  |p 17A1050447  |o snkSB 83567 D1  |i snk2012/19130  |8 0  |0 0  |1 0  |4 0  |d 2012-09-27  |l 0  |r 2016-06-30 00:00:00  |w 2026-02-24